Catálogo

Vista normal Vista MARC

Entrada Personal Name

Número de registros utilizados en: 5

001 - CONTROL NUMBER

  • control field: 4637

003 - CONTROL NUMBER IDENTIFIER

  • control field: DLC

005 - DATE AND TIME OF LATEST TRANSACTION

  • control field: 20221017082902.0

008 - FIXED-LENGTH DATA ELEMENTS

  • fixed length control field: 890106n| azannaabn |a aaa

010 ## - LIBRARY OF CONGRESS CONTROL NUMBER

  • LC control number: n 88102570

035 ## - SYSTEM CONTROL NUMBER

  • System control number: (OCoLC)oca02434850

040 ## - CATALOGING SOURCE

  • Original cataloging agency: DLC
  • Language of cataloging: spa
  • Description conventions: rda
  • Transcribing agency: Mx-PuUPA
  • Modifying agency: OCoLC
  • Modifying agency: DLC
  • Modifying agency: WU
  • Modifying agency: Mx-PuUPA

100 1# - HEADING--PERSONAL NAME

  • Personal name: López Obrador, Andrés Manuel,

370 ## - ASSOCIATED PLACE

  • Associated country: México
  • Other associated place: Tabasco (México : Estado)
  • Other associated place: México Ciudad (México)
  • Source of term: naf

372 ## - FIELD OF ACTIVITY

  • Field of activity: Tabasco (Mexico :Estado)--Política y gobierno
  • Field of activity: Mexico Ciudad (México)--Política y gobierno
  • Field of activity: México--Política y gobierno
  • Source of term: lcsh

373 ## - ASSOCIATED GROUP

  • Associated group: Movimiento Regeneración Nacional (México)
  • Source of term: naf

374 ## - OCCUPATION

  • Occupation: Politico
  • Source of term: lcsh

375 ## - GENDER

  • Gender: hombre
  • Source of term: lcdgt

377 ## - ASSOCIATED LANGUAGE

  • Language code: spa

400 1# - SEE FROM TRACING--PERSONAL NAME

  • Personal name: Obrador, Andrés Manuel López

400 0# - SEE FROM TRACING--PERSONAL NAME

  • Personal name: AMLO

670 ## - SOURCE DATA FOUND

  • Source citation: His Los primeros pasos, Tabasco ... 1986:
  • Information found: t.p. (Andrés Manuel López Obrador)

670 ## - SOURCE DATA FOUND

  • Source citation: AMLO, 2004:
  • Information found: t.p. (AMLO) cover p. 4 (Andrés Manuel López Obrador)

670 ## - SOURCE DATA FOUND

  • Source citation: Oye, Trump, junio de 2017:
  • Information found: t.p. (Andrés Manuel López Obrador) front flap (twice candidate for governor of Tabasco; from 2000 to 2005 he was chief of government of the Distrito Federal [Mexico]; in 2006 and 2012 he was the leftist candidate for presidency of the republic [Mexico]; currently president of the national executive committee of Morena)